| 000 | 00866cam a22002891 4500 | ||
|---|---|---|---|
| 001 | 18569 | ||
| 003 | BD-RjUL | ||
| 005 | 20211209000314.0 | ||
| 008 | 140220r19661964nyu 001 0 eng | ||
| 035 | _a(BD-RjUL)18627 | ||
| 035 | _a(OCoLC)167186 | ||
| 040 |
_aDLC _cODaWU _dBD-RjUL _beng |
||
| 041 | _aeng | ||
| 082 | 0 | 0 |
_a330.182 _bGOE 1966 |
| 100 | 1 |
_aGoldberger, Arthur Stanley, _d1930- _96881 |
|
| 245 | 1 | 0 |
_aEconometric theory / _cArthur Stanley Goldberger. |
| 260 |
_aNew York : _bJ. Wiley, _cc1964 [Printing 1966]. |
||
| 300 |
_axi, 399 p. ; _c24 cm. |
||
| 504 | _aIncludes index. | ||
| 650 | 0 |
_aEconomics, Mathematical. _957203 |
|
| 650 | 0 |
_aEconomics _xMathematical models. _957204 |
|
| 650 | 0 |
_aStatistics. _957205 |
|
| 942 |
_2ddc _cBK |
||
| 999 |
_c18569 _d18569 |
||